000 00590nam a2200229Ia 4500
003 OSt
005 20220928104224.0
006 a|||||r|||| 00| 0
007 ta
008 220927b |||||||| |||| 00| 0 eng d
024 _a56004
037 _cTextual
040 _aSDCL
_cSDCL
_beng
041 _2eng
_aeng
082 _aR6:g, L31
100 _aJha Harimohan
_9409679
245 0 _aDarshinik vivechanaya .
260 _aPatan
_bVihar Hindi Granth Academy
_c1973
300 _a272p.
_ccm.
942 _hR6:g, L31
_cTEXL
_2CC
999 _c725248
_d725248